000 01017cam a2200301 i 4500
001 18025624
005 20141106144849.0
008 140131s2014 ne b 001 0 eng
010 _a 2013047930
020 _a9780124080560
040 _aDLC
_beng
_cDLC
_erda
042 _apcc
050 0 0 _aHF 54.54
_b.M34 2014
082 0 0 _a658.4/038
100 1 _aMcKnight, William
_c(Consultant)
245 1 0 _aInformation management strategies for gaining a competitive advantage with data /
_cWilliam Mcknight.
260 _aU.S.A. :
_bElsevier Inc.,
_cc2014.
300 _axviii, 195 pages ;
_c23 cm.
504 _aIncludes bibliographical references and index.
521 _aBusiness Administration
650 0 _aBusiness information services.
650 0 _aBusiness intelligence.
650 0 _aDatabase management.
650 0 _aBig data.
906 _a7
_bcbc
_corignew
_d1
_eecip
_f20
_gy-gencatlg
942 _2lcc
_cBK
_kFOR
999 _c276721
_d276721